00833nam a2200253 i 4500001000300000100002000003245007500023250001900098260005200117300003300169490002300202521002900225650006300254655001400317700002100331830002300352020001800375040000800393041000800401044000800409080002300417008004100440856009800481bg1 aMajcher, Marta.0 aJak inwestować w Unii Europejskiej /cMarta Majcher, Piotr Maziarek. aWyd.2 uaktual. aWarszawa :bKomisja Nadzoru Finansowego,c2007. a36 s. :bil. kolor ;c21 cm.1 aPoradnik Inwestora8 aDo celów edukacyjnych. 9aPapiery wartościowexinwestycjezkraje Unii Europejskiej aPoradniki1 aMaziarek, Piotr. aPoradnik Inwestora a9788392481317 cBPK0 apol aPOL a336.764/.768(4-67) s pl f |000 0 pol  uhttp://koha.tu.koszalin.pl/cgi-bin/koha/opac-detail.pl?biblionumber=49581yKatalog online BPK